study on the impact of forest fire on biodiversity in kulen-promtep wildlife sanctuary in preah vihear province (សិក្សាពីហេតុប៉ះពាល់ទៅលើជីវចំរុះដែលបណ្តាលមកពីភ្លើងឆេះព្រៃ​ក្នុងដែនជំរកសត្វព្រៃគូលែន ព្រហ្មទេពស្ថិតក្នុងខេត្តព្រះវិហារ) (Record no. 3344)

000 -LEADER
fixed length control field 00825nam a22001577a 4500
003 - CONTROL NUMBER IDENTIFIER
control field OSt
005 - DATE AND TIME OF LATEST TRANSACTION
control field 20151112104659.0
008 - FIXED-LENGTH DATA ELEMENTS--GENERAL INFORMATION
fixed length control field 151112b xxu||||| |||| 00| 0 eng d
040 ## - CATALOGING SOURCE
Transcribing agency RUA
082 ## - DEWEY DECIMAL CLASSIFICATION NUMBER
Classification number FOR SOM 2004 B130 Or.1
100 ## - MAIN ENTRY--PERSONAL NAME
9 (RLIN) 3591
Personal name SOM, NISETH.
245 ## - TITLE STATEMENT
Title study on the impact of forest fire on biodiversity in kulen-promtep wildlife sanctuary in preah vihear province (សិក្សាពីហេតុប៉ះពាល់ទៅលើជីវចំរុះដែលបណ្តាលមកពីភ្លើងឆេះព្រៃ​ក្នុងដែនជំរកសត្វព្រៃគូលែន ព្រហ្មទេពស្ថិតក្នុងខេត្តព្រះវិហារ)
260 ## - PUBLICATION, DISTRIBUTION, ETC. (IMPRINT)
Place of publication, distribution, etc. Phnom Penh
Name of publisher, distributor, etc. RUA
Date of publication, distribution, etc. 2004
300 ## - PHYSICAL DESCRIPTION
Extent viii, 42p.
Other physical details ill.
Dimensions 29cm.
942 ## - ADDED ENTRY ELEMENTS (KOHA)
Source of classification or shelving scheme
Koha item type FOR
Holdings
Price effective from Date last seen Permanent Location Not for loan Date acquired Source of classification or shelving scheme Koha item type Lost status Withdrawn status Date last checked out Total Checkouts Shelving location Damaged status Barcode Current Location Full call number
2015-11-122015-11-12Library Block B 2015-11-12 FOR    B130 RUA026648Library Block BFOR SOM 2004 B130 Or.1
2015-11-122016-07-05Library Block B 2015-11-12 FOR  2016-06-211B130 RUA027679Library Block BFOR SOM 2004 B130 Or.2
2015-11-122015-11-12Library Block B 2015-11-12 FOR    B130 RUA027590Library Block BFOR SOM 2004 B130 Or.3
មជ្ឈមណ្ឌលឯការនៃសាកលវិទ្យាល័យភូមិន្ទកសិកម្មចំការដូង

Powered by Koha